| 000 | 00359 a2200145 4500 | ||
|---|---|---|---|
| 001 | 92023 | ||
| 082 | _a530.11 SKI | ||
| 090 |
_c43980 _d43979 |
||
| 100 | _aRay Skinner | ||
| 245 |
_aRelativity for Scientists and Engineers _cSkinner, Ray |
||
| 250 | _a1 | ||
| 260 |
_aUSA _bDover Publication _c2014 |
||
| 300 |
_axiv,355p. _bPb |
||
| 500 | _aReference book | ||
| 942 |
_aCAE NUST _k530.11 SKI |
||
| 999 |
_c327096 _d327096 |
||